[Daňovníctvo: daňová teória a politika]
Recenzia na učebnicu, ktorá je štrukturovaná do štyroch kapitol a svojím obsahovým zameraním poskytuje komplexný výklad daňovej problematiky.
Gespeichert in:
| 1. Verfasser: | |
|---|---|
| Format: | Buchkapitel |
| Sprache: | Slowakisch |
| Schlagworte: | |
| Tags: |
Keine Tags, Fügen Sie das erste Tag hinzu!
|
MARC
| LEADER | 00000naa$a2200000$$$4500 | ||
|---|---|---|---|
| 001 | 0114798 | ||
| 005 | 20240502072301.0 | ||
| 041 | 0 | |a slo | |
| 044 | |a SK | ||
| 245 | 1 | 0 | |a [Daňovníctvo: daňová teória a politika] |c Jana Mikócziová |
| 520 | |a Recenzia na učebnicu, ktorá je štrukturovaná do štyroch kapitol a svojím obsahovým zameraním poskytuje komplexný výklad daňovej problematiky. | ||
| 610 | 2 | 0 | |a teórie daňové |
| 610 | 2 | 0 | |a recenzie |
| 610 | 2 | 0 | |a politika hospodárska |
| 610 | 2 | 0 | |a Slovensko |
| 100 | 1 | |a Mikócziová, Jana | |